Giáo trình tâm lí học đại cương : Dùng cho các trường Đại học Sư phạm /

Đã lưu trong:
書目詳細資料
其他作者: Hoàng Anh., Lê Thị Bừng., Nguyễn Đức Sơn., Nguyễn Kim Quý., Nguyễn Quang Uẩn., Nguyễn Thị Huệ., Nguyễn Văn Thạc., Nguyễn Xuân Thức (chủ biên.), Trần Quốc Thành., Vũ Kim Thanh.
格式: Sách giấy
語言:Vietnamese
出版: H. : Đại học Sư phạm, 2007.
主題:
標簽: 添加標簽
沒有標簽, 成為第一個標記此記錄!
Thư viện lưu trữ: Thư viện Trường Đại học Đà Lạt
LEADER 01618nam a2200421 4500
001 DLU080063557
005 ##20081023
040 # # |a DLU  |b vie 
041 # # |a vie 
044 # # |a vn 
082 # # |a 150  |b Gia 
245 # # |a Giáo trình tâm lí học đại cương :  |b Dùng cho các trường Đại học Sư phạm /  |c Nguyễn Xuân Thức chủ biên, ... [và những người khác]. 
246 # # |a Giáo trình tâm lý học đại cương 
260 # # |a H. :  |b Đại học Sư phạm,  |c 2007. 
300 # # |a 271 tr. ;  |c 21 cm. 
504 # # |a Tài liệu tham khảo: tr.271. 
505 # # |a Chương một. Tâm lí học là một khoa học -- Chương hai. Hoạt động giao tiếp và sự hình thành, phát triển tâm lí -- Chương ba. Sự hình thành và phát triển tâm lí, ý thức -- Chương bốn. Hoạt động nhận thức -- Chương năm. Tình cảm và ý chí -- Chương sáu. Nhân cách và sự hình thành, phát triển nhân cách. 
650 # # |a Tâm lý học  |v Giáo trình. 
700 # # |a Hoàng Anh. 
700 # # |a Lê Thị Bừng. 
700 # # |a Nguyễn Đức Sơn. 
700 # # |a Nguyễn Kim Quý. 
700 # # |a Nguyễn Quang Uẩn. 
700 # # |a Nguyễn Thị Huệ. 
700 # # |a Nguyễn Văn Thạc. 
700 # # |a Nguyễn Xuân Thức,  |e chủ biên. 
700 # # |a Trần Quốc Thành. 
700 # # |a Vũ Kim Thanh. 
923 # # |a 12/2008 
992 # # |a 30000 
994 # # |a DLU 
900 # # |a True 
911 # # |a Đào Thị Thu Huyền 
925 # # |a G 
926 # # |a A 
927 # # |a SH 
980 # # |a Thư viện Trường Đại học Đà Lạt